UBT Library

Basic Economics (Record no. 53900)

000 -LEADER
fixed length control field 00256nam a22001217a 4500
008 - FIXED-LENGTH DATA ELEMENTS--GENERAL INFORMATION
fixed length control field 190201b xxu||||| |||| 00| 0 eng d
041 ## - LANGUAGE CODE
Language code of text/sound track or separate title eng
080 ## - UNIVERSAL DECIMAL CLASSIFICATION NUMBER
Edition identifier 3rd
Universal Decimal Classification number 330
100 ## - Rafti
Rafti 52
101 ## - Shkurtesa
Shkurtesa EKO
245 ## - TITLE STATEMENT
Title Basic Economics
Statement of responsibility, etc Sowell
942 ## - ADDED ENTRY ELEMENTS (KOHA)
Source of classification or shelving scheme
Item type Books
Holdings
Withdrawn status Lost status Source of classification or shelving scheme Damaged status Not for loan Collection code Permanent location Current location Shelving location Date acquired Total Checkouts Full call number Barcode Date last seen Price effective from Koha item type
          Koleksioni i përgjithshem UBT - Lipjan UBT - Lipjan Koleksioni i përgjithshem 02/01/2019   330 SOW 002-3021891 02/01/2019 02/01/2019 Books
UBT Library © 2015-2024. All rights reserved University Education for Business and Technology